000
00288nam a2200109Ia 4500
008
200302s9999 xx 000 0 und d
100
_a
Henry Skates
245
_a
Building your own sustainable and energy efficient house
260
_b
The crowood Press Ltd.
260
_c
2011
300
_a
191
999
_c
6745
_d
6745